000 00404nam a22001697a 4500
005 20230926151815.0
008 230918b |||||||| |||| 00| 0 eng d
082 _a339
_bFRO-M
100 _aFroyen,Richard T.
245 _aMacroeconomics : Theories and Policies
250 _a8th.ed
300 _a528
500 _aInclude Index
650 _aEconomics
700 _aRichard T.Froyen
999 _c33614
_d33614